Destination : (Record no. 134015)
[ view plain ]
| 000 -LEADER | |
|---|---|
| fixed length control field | 00633nam a22002177a 4500 |
| 005 - DATE AND TIME OF LATEST TRANSACTION | |
| control field | 20170124110219.0 |
| 010 ## - LIBRARY OF CONGRESS CONTROL NUMBER | |
| LC control number | B-181608 |
| 020 ## - INTERNATIONAL STANDARD BOOK NUMBER | |
| Terms of availability | 200.00 |
| International Standard Book Number | 8189290029 |
| 035 ## - SYSTEM CONTROL NUMBER | |
| System control number | B-181608 |
| 037 ## - SOURCE OF ACQUISITION | |
| Source of stock number/acquisition | Cen Lib/Ret |
| 040 ## - CATALOGING SOURCE | |
| Original cataloging agency | DPL |
| Language of cataloging | EN |
| 082 ## - DEWEY DECIMAL CLASSIFICATION NUMBER | |
| Classification number | 915.415 |
| Item number | CHO |
| 100 ## - MAIN ENTRY--PERSONAL NAME | |
| Personal name | Chopra, Vivek |
| 9 (RLIN) | 30200 |
| 245 ## - TITLE STATEMENT | |
| Title | Destination : |
| Statement of responsibility, etc | by Vivek Chopra |
| Remainder of title | Himachal Pradesh / |
| 260 ## - PUBLICATION, DISTRIBUTION, ETC. (IMPRINT) | |
| Name of publisher, distributor, etc | Sai Craft |
| Place of publication, distribution, etc | Jaipur |
| Date of publication, distribution, etc | 2005 |
| 270 ## - ADDRESS | |
| Address | R-15-A, Yudhisthir Marg, C-Scheme |
| City | Jaipur |
| 300 ## - PHYSICAL DESCRIPTION | |
| Extent | 144p. |
| Dimensions | 20cm(Hb) |
| 650 ## - SUBJECT ADDED ENTRY--TOPICAL TERM | |
| Topical term or geographic name as entry element | Civilization |
| 9 (RLIN) | 15651 |
| 650 ## - SUBJECT ADDED ENTRY--TOPICAL TERM | |
| Topical term or geographic name as entry element | Himachal Pradesh -- History |
| 9 (RLIN) | 39549 |
| 942 ## - ADDED ENTRY ELEMENTS (KOHA) | |
| Source of classification or shelving scheme | Dewey Decimal Classification |
| Koha item type | English Books |
| Classification part | 915.415 |
| Call number suffix | CHO |
| Withdrawn status | Lost status | Damaged status | Not for loan | Collection code | Home library | Current library | Date acquired | Source of acquisition | Cost, normal purchase price | Total Checkouts | Full call number | Barcode | Date last seen | Copy number | Cost, replacement price | Price effective from | Koha item type | Source of classification or shelving scheme | Date checked out |
|---|---|---|---|---|---|---|---|---|---|---|---|---|---|---|---|---|---|---|---|
| Not For Loan | Reference | Central Library | Central Library | 28/07/2015 | Cen Lib/Ret | 200.00 | 915.415 CHO | B-181608 | 28/07/2015 | 1 | 200.00 | 28/07/2015 | English Books | ||||||
| Central Library | Central Library | 26/11/2016 | Cen Lib/Ret | 1 | 915.415 CHO | B-109048 | 01/02/2023 | 26/11/2016 | English Books | Dewey Decimal Classification | 24/01/2023 |
